| 000 | 01136nmc a2200325 a 4500 | ||
|---|---|---|---|
| 003 | AR-BaBNM | ||
| 005 | 20251128210535.0 | ||
| 008 | 271020s1997 ||||||||||||||000 | spa|| | ||
| 020 | _a84-277-1187-5 | ||
| 040 | _cAR-BaBNM | ||
| 100 | 1 | _aSarrate, María Luisa | |
| 245 | 1 | 0 |
_aEducación de adultos _bevaluación de centros y de experiencias |
| 260 |
_aMadrid _bNarcea _c1997 |
||
| 300 | 0 |
_a202 p. _btablas |
|
| 490 | 0 | _aNarcea sociocultural | |
| 500 | 0 | _aContiene referencias bibliográficas | |
| 500 | 1 | _aContiene índice temático, índice de nombres e índice de gráficos y cuadros | |
| 500 | 0 | _aPremio de Investigación Pedagógica xII Convocatoria 1996. Consejo General de los Colegios Oficiales de Doctores y Licenciados | |
| 650 | 4 | _aEDUCACION DE ADULTOS | |
| 650 | 4 | _aCENTROS DE EDUCACION DE ADULTOS | |
| 650 | 4 | _aFINALIDADES DE LA EDUCACION | |
| 650 | 4 | _aEDUCADORES DE ADULTOS | |
| 651 | 4 | _aEspaña | |
| 653 | 0 | _aEXPERIENCIAS EDUCATIVAS | |
| 653 | 0 | _aEVALUACION EDUCATIVA | |
| 653 | 0 | _aINVESTIGACION EDUCATIVA | |
| 800 | 1 |
_aQuintana Cabanas, José María _edirector |
|
| 942 | _cBK | ||
| 998 | _cRaquel | ||
| 999 |
_c15866 _d15866 |
||